01218cam a22002773a 4500999001700000001000900017005001700026008004100043010001700084020001500101035002300116040001800139050002200157100001600179245005100195260007200246300002800318500016700346500004800513650006600561650006300627700004500690906004500735942003400780952012600814 c23155d231551292893120170125162317.0020913s2001 ilua b 000 0 eng d a 2002512355 a1575174413 a(OCoLC)ocm49304030 aNHScNHSdDLC00aLB 3013 .B87 20011 aBurke, Kay.10aTips for managing your classroom /cKay Burke. aArlington Heights, IL :bSkylight Professional Development,cc2001. a39 p. :bill. ;c22 cm. a"Adapted from chapter 4 of What to do with the kid who...: developing cooperation, self-discipline, and reponsibility in the classroom, 2nd. edition." (from t.p.) aIncludes bibliographical references (p. 39) 0aClassroom managementzUnited StatesvHandbooks, manuals, etc. 0aSchool disciplinezUnited StatesvHandbooks, manuals, etc.1 aBurke, KaytWhat to do with the kid who. a7bcbcccopycatd3encipf20gy-gencatlg 2lcccBOOKShLB 3013 .B87 2001 00102lcc4070aMUCbMUCcTECHd2017-01-25eDonation (B.F.A)l0oLB 3013 .B87 2001p31628r2018-07-23w2017-01-25yBOOKS